| 000 | 00445nmm a2200157Ia 4500 | ||
|---|---|---|---|
| 008 | 251105s9999||||xx |||||||||||||||||und|| | ||
| 020 | _a9788498387391 | ||
| 041 | _aspa | ||
| 100 | _aLaurain, Antoine | ||
| 245 | 0 | _aLa mujer de la libreta roja | |
| 264 |
_a[Madrid, España] : _bEdiciones Salamandra, _c2016 |
||
| 300 | _a160 páginas | ||
| 650 | _aFrench narrative | ||
| 856 | _uhttps://public.digitaliapublishing.com/a/48355 | ||
| 942 | _cCF | ||
| 999 |
_c91830 _d91830 |
||